[Event "III Torneo Leonardo di Bona Internazionale"]
[Site "Cutro ITA"]
[Date "1997.04.??"]
[Round "6"]
[White "Pegorari, Pietro"]
[Black "Naumkin, Igor"]
[Result "1-0"]
[WhiteElo "2360"]
[BlackElo "2435"]
[PlyCount "49"]
[EventDate "1997.04.25"]

1.c4 Nf6 2.Nc3 e5 3.g3 Bb4 4.Bg2 O-O 5.Nd5 Bc5 6.Nf3 Nc6 7.O-O h6 8.d3 d6 
9.h3 a5 10.e3 Re8 11.d4 Ba7 12.b3 e4 13.Nxf6+ Qxf6 14.Nd2 Bf5 15.a3 Re7 
16.Bb2 Rae8 17.b4 Nb8 18.Qa4 c5 19.Qxa5 Nc6 20.Qa4 Bb6 21.Qb5 Ba7 22.bxc5 
dxc5 23.d5 Ne5 24.Nxe4 Qg6 25.Bxe5 1-0

[Event "III Torneo Leonardo di Bona Internazionale"]
[Site "Cutro ITA"]
[Date "1997.04.??"]
[Round "7"]
[White "Abatino, Maurizio"]
[Black "Efimov, Igor"]
[Result "0-1"]
[WhiteElo "2290"]
[BlackElo "2530"]
[PlyCount "60"]
[EventDate "1997.04.25"]

1.d4 Nf6 2.c4 g6 3.Nc3 Bg7 4.e4 O-O 5.Be2 d6 6.Bg5 Na6 7.Qd2 Qe8 8.Bd3 Nd7
9.Nf3 e5 10.dxe5 dxe5 11.O-O Ndc5 12.Bc2 Bg4 13.Nd5 f6 14.Be3 Rd8 15.Qc3 
Bxf3 16.Bxc5 Nxc5 17.Qxf3 Ne6 18.Qa3 c6 19.Ne3 a6 20.c5 Kh8 21.b4 Nd4 22.
Bb3 f5 23.Nc4 Qe7 24.Nd6 Bh6 25.Rad1 Ne2+ 26.Kh1 Nc3 27.Nf7+ Rxf7 28.Rxd8+
Qxd8 29.Bxf7 Qd3 30.Rg1 Nd1 0-1

[Event "III Torneo Leonardo di Bona Internazionale"]
[Site "Cutro ITA"]
[Date "1997.04.??"]
[Round "7"]
[White "Barlov, Dragan"]
[Black "Bellon Lopez, Juan Manuel"]
[Result "1/2-1/2"]
[WhiteElo "2455"]
[BlackElo "2465"]
[PlyCount "30"]
[EventDate "1997.04.25"]

1.Nf3 c5 2.c4 Nc6 3.Nc3 e5 4.g3 g6 5.Bg2 d6 6.O-O Bg7 7.a3 Nge7 8.Rb1 a5 
9.d3 O-O 10.Bd2 Rb8 11.Ne1 Be6 12.Nc2 d5 13.cxd5 Nxd5 14.Ne3 Nde7 15.Ne4 
b6 1/2-1/2

[Event "III Torneo Leonardo di Bona Internazionale"]
[Site "Cutro ITA"]
[Date "1997.04.??"]
[Round "7"]
[White "Naumkin, Igor"]
[Black "Aleksic, Nenad"]
[Result "1/2-1/2"]
[WhiteElo "2435"]
[BlackElo "2440"]
[PlyCount "34"]
[EventDate "1997.04.25"]

1.d4 Nf6 2.c4 e6 3.Nf3 b6 4.g3 Bb7 5.Bg2 Be7 6.O-O O-O 7.Nc3 Ne4 8.Nxe4 
Bxe4 9.Ne1 Bxg2 10.Nxg2 d6 11.b3 Nd7 12.Bb2 Qc8 13.e4 Qb7 14.Qe2 c5 15.d5 
exd5 16.exd5 Bf6 17.Bxf6 Nxf6 1/2-1/2

[Event "III Torneo Leonardo di Bona Internazionale"]
[Site "Cutro ITA"]
[Date "1997.04.??"]
[Round "8"]
[White "Bellon Lopez, Juan Manuel"]
[Black "Naumkin, Igor"]
[Result "1/2-1/2"]
[WhiteElo "2465"]
[BlackElo "2435"]
[PlyCount "38"]
[EventDate "1997.04.25"]

1.d4 e6 2.Nf3 Nf6 3.e3 b6 4.Bd3 Bb7 5.O-O c5 6.b3 cxd4 7.exd4 g6 8.Nbd2 
Nc6 9.c4 Bg7 10.Ba3 Ne7 11.Qe2 O-O 12.Ne4 Nxe4 13.Bxe4 Bxe4 14.Qxe4 Re8 
15.Bxe7 Qxe7 16.Rae1 h6 17.Ne5 Rac8 18.Re3 d6 19.Nf3 Qd7 1/2-1/2

[Event "III Torneo Leonardo di Bona Internazionale"]
[Site "Cutro ITA"]
[Date "1997.04.??"]
[Round "8"]
[White "Borgo, Giulio"]
[Black "Abatino, Maurizio"]
[Result "1-0"]
[WhiteElo "2390"]
[BlackElo "2290"]
[PlyCount "55"]
[EventDate "1997.04.25"]

1.e4 e6 2.d4 d5 3.Nc3 Bb4 4.e5 c5 5.Bd2 Nc6 6.Nb5 Bxd2+ 7.Qxd2 Nxd4 8.Nxd4
cxd4 9.f4 Ne7 10.Nf3 Nc6 11.O-O-O O-O 12.Nxd4 Nxd4 13.Qxd4 f5 14.c4 Qa5 
15.Kb1 Rd8 16.g4 Bd7 17.Bd3 dxc4 18.Qxc4 Rac8 19.Qb3 Kh8 20.gxf5 Bc6 21.
Rhe1 Rd4 22.Bc2 Bd5 23.Qa3 Qc7 24.Rc1 Rc4 25.Qd3 Rc5 26.fxe6 Bxa2+ 27.Kxa2
Qa5+ 28.Kb1 1-0

[Event "III Torneo Leonardo di Bona Internazionale"]
[Site "Cutro ITA"]
[Date "1997.04.??"]
[Round "8"]
[White "Cabrilo, Goran"]
[Black "Barlov, Dragan"]
[Result "1/2-1/2"]
[WhiteElo "2475"]
[BlackElo "2455"]
[PlyCount "20"]
[EventDate "1997.04.25"]

1.e4 e5 2.Nf3 Nc6 3.Bb5 a6 4.Ba4 Nf6 5.O-O Be7 6.Re1 b5 7.Bb3 O-O 8.a4 Bb7
9.d3 d6 10.Nc3 Na5 1/2-1/2

[Event "III Torneo Leonardo di Bona Internazionale"]
[Site "Cutro ITA"]
[Date "1997.04.??"]
[Round "8"]
[White "Efimov, Igor"]
[Black "Drasko, Milan"]
[Result "1/2-1/2"]
[WhiteElo "2530"]
[BlackElo "2555"]
[PlyCount "30"]
[EventDate "1997.04.25"]

1.e4 e6 2.d4 d5 3.exd5 exd5 4.Bd3 Nf6 5.Nf3 Be7 6.O-O O-O 7.Re1 Nbd7 8.
Nbd2 c5 9.dxc5 Nxc5 10.Nb3 Bg4 11.Nxc5 Bxc5 12.Be3 Bxe3 13.Rxe3 Qb6 14.b3 
Rfe8 15.Qd2 Rxe3 1/2-1/2

[Event "III Torneo Leonardo di Bona Internazionale"]
[Site "Cutro ITA"]
[Date "1997.04.??"]
[Round "8"]
[White "Pegorari, Pietro"]
[Black "Aleksic, Nenad"]
[Result "1/2-1/2"]
[WhiteElo "2360"]
[BlackElo "2440"]
[PlyCount "49"]
[EventDate "1997.04.25"]

1.c4 c5 2.Nc3 g6 3.g3 Bg7 4.Bg2 Nc6 5.Nf3 e6 6.O-O Nge7 7.d3 O-O 8.Bg5 h6 
9.Bxe7 Qxe7 10.Ne1 b6 11.Nc2 Bb7 12.Qd2 d6 13.Rab1 Kh7 14.a3 Nd4 15.b4 
Nxc2 16.Qxc2 Bxg2 17.Kxg2 Rac8 18.bxc5 Rxc5 19.Na4 Rcc8 20.Qb3 Rfd8 21.
Rfc1 h5 22.h4 Rc7 23.Nc3 Bxc3 24.Rxc3 d5 25.Rbc1 1/2-1/2

[Event "III Torneo Leonardo di Bona Internazionale"]
[Site "Cutro ITA"]
[Date "1997.04.??"]
[Round "9"]
[White "Aleksic, Nenad"]
[Black "Bellon Lopez, Juan Manuel"]
[Result "1-0"]
[WhiteElo "2440"]
[BlackElo "2465"]
[PlyCount "107"]
[EventDate "1997.04.25"]

1.e4 c5 2.Nf3 Qa5 3.Nc3 e6 4.g3 a6 5.Bg2 b5 6.O-O Bb7 7.Re1 b4 8.Nb1 Nc6 
9.d3 d6 10.Nbd2 Qc7 11.Nc4 Be7 12.Bf4 e5 13.Bd2 Nf6 14.Nh4 g6 15.Bh6 Bc8 
16.Ne3 Rb8 17.c3 Bf8 18.Bg5 Bg7 19.Qf3 Ng8 20.Nd5 Qa7 21.a3 h6 22.Be3 b3 
23.Qe2 Nf6 24.Nxf6+ Bxf6 25.Nf3 Bg4 26.h3 Be6 27.Rad1 Bg7 28.Qd2 Rc8 29.
Rc1 g5 30.Kh2 a5 31.Red1 Ke7 32.Qe2 a4 33.Nd2 Nd4 34.cxd4 cxd4 35.Nf1 dxe3
36.Nxe3 Rc5 37.Bf3 Rhc8 38.Rxc5 Qxc5 39.Bg4 Rc7 40.Kg2 Qd4 41.Qd2 Bf6 42.
Qe2 Kf8 43.Rd2 Rc1 44.Bxe6 fxe6 45.Qh5 Ke7 46.Qxh6 Rc2 47.Qh7+ Kd8 48.Qg8+
Kd7 49.Nxc2 Qxb2 50.Qa8 Qc1 51.Qxa4+ Ke7 52.Qxb3 Qxd2 53.Ne3 Qa5 54.Qb7+ 
1-0

[Event "III Torneo Leonardo di Bona Internazionale"]
[Site "Cutro ITA"]
[Date "1997.04.??"]
[Round "9"]
[White "Barlov, Dragan"]
[Black "Efimov, Igor"]
[Result "1-0"]
[WhiteElo "2455"]
[BlackElo "2530"]
[PlyCount "75"]
[EventDate "1997.04.25"]

1.d4 Nf6 2.c4 e6 3.Nf3 b6 4.g3 Ba6 5.Qb3 Nc6 6.Nbd2 Bb7 7.e4 Ne7 8.Bd3 Ng6
9.O-O d6 10.Re1 Be7 11.Qc2 e5 12.b3 O-O 13.Bb2 Nd7 14.Bf1 Bg5 15.Rad1 Bf6 
16.Bg2 Qe7 17.Nf1 Rfe8 18.Ne3 Qf8 19.Nd5 Bd8 20.dxe5 Ndxe5 21.Nd4 Ne7 22.
f4 N5c6 23.Nf5 f6 24.Nxg7 Nxd5 25.cxd5 Nb4 26.Qd2 Qxg7 27.Qxb4 a5 28.Qc4 
a4 29.b4 a3 30.Bc3 Qd7 31.e5 Rf8 32.e6 b5 33.Qd4 Qe8 34.f5 Be7 35.Qh4 Kh8 
36.g4 c5 37.g5 cxb4 38.g6 1-0

[Event "III Torneo Leonardo di Bona Internazionale"]
[Site "Cutro ITA"]
[Date "1997.04.??"]
[Round "9"]
[White "Drasko, Milan"]
[Black "Borgo, Giulio"]
[Result "1-0"]
[WhiteElo "2555"]
[BlackElo "2390"]
[PlyCount "81"]
[EventDate "1997.04.25"]

1.d4 Nf6 2.c4 e6 3.Nc3 Bb4 4.Qc2 c5 5.dxc5 Bxc5 6.Nf3 Qb6 7.e3 Be7 8.b3 d6
9.Bb2 a6 10.Bd3 Nbd7 11.O-O Qc7 12.Rfd1 b6 13.Ne4 Bb7 14.Rd2 Nc5 15.Nxf6+ 
Bxf6 16.Bxf6 gxf6 17.Ne1 f5 18.f3 Nd7 19.Qc3 Ke7 20.Rad1 Rad8 21.Be2 Nf6 
22.Nc2 Rhg8 23.Nd4 Rg6 24.b4 Nd7 25.Qa3 Rf6 26.Nb3 Ne5 27.c5 Bd5 28.cxd6+ 
Rxd6 29.b5 Nc4 30.Bxc4 Qxc4 31.Rc1 Qh4 32.g3 Qh6 33.Rc7+ Ke8 34.Qxd6 Qxe3+
35.Rf2 Qe1+ 36.Kg2 Bxf3+ 37.Rxf3 Qe2+ 38.Rf2 Qe4+ 39.Kf1 Qh1+ 40.Ke2 Qe4+ 
41.Kd2 1-0

[Event "III Torneo Leonardo di Bona Internazionale"]
[Site "Cutro ITA"]
[Date "1997.04.??"]
[Round "9"]
[White "Naumkin, Igor"]
[Black "Cabrilo, Goran"]
[Result "1/2-1/2"]
[WhiteElo "2435"]
[BlackElo "2475"]
[PlyCount "20"]
[EventDate "1997.04.25"]

1.d4 Nf6 2.c4 e6 3.Nf3 b6 4.g3 Bb7 5.Bg2 Bb4+ 6.Bd2 Be7 7.O-O O-O 8.Nc3 
Na6 9.Ne5 Bxg2 10.Kxg2 Qc8 1/2-1/2

[Event "I Festival Mediterraneo A"]
[Site "Rossano ITA"]
[Date "1997.04.??"]
[Round "5"]
[White "Sarno, Spartaco"]
[Black "Mrdja, Milan"]
[Result "1-0"]
[WhiteElo "2430"]
[BlackElo "2425"]
[PlyCount "57"]
[EventDate "1997.04.25"]

1. c4 Nf6 2. Nf3 e6 3. g3 d5 4. b3 dxc4 5. bxc4 c5 6. Bg2 Be7 7. O-O Nc6 8. Bb2
O-O 9. e3 Qc7 10. Nc3 Rd8 11. Qe2 b6 12. Rfd1 Bb7 13. Rac1 Rac8 14. d4 cxd4 15.
exd4 Ba6 16. Nb5 Qb8 17. a4 Re8 18. Ne5 Nb4 19. Qf3 Rcd8 20. Ba3 Rxd4 21. Nxd4
Qxe5 22. Qb3 Bc5 23. Nf3 Qe2 24. Rd2 Bxf2+ 25. Kh1 Qe3 26. Qxb4 Ne4 27. Qe7 h6
28. Qxe8+ Kh7 29. Bb2 1-0

[Event "I Festival Mediterraneo A"]
[Site "Rossano ITA"]
[Date "1997.04.??"]
[Round "6"]
[White "Fiore, Mario"]
[Black "Sarno, Spartaco"]
[Result "1/2-1/2"]
[WhiteElo "2340"]
[BlackElo "2430"]
[PlyCount "55"]
[EventDate "1997.04.25"]

1. e4 d6 2. d4 g6 3. Nc3 Bg7 4. g3 Nf6 5. Bg2 O-O 6. Nge2 e5 7. h3 Nc6 8. Be3
Bd7 9. O-O exd4 10. Nxd4 Re8 11. Re1 a6 12. a4 Na5 13. b3 c5 14. Nde2 Bc6 15.
Qd3 b5 16. axb5 axb5 17. Rad1 b4 18. Nd5 Nxd5 19. exd5 Bd7 20. g4 Qc7 21. Bf4
c4 22. Qg3 cxb3 23. cxb3 Qc2 24. Nc1 Bc3 25. Rxe8+ Rxe8 26. Qd3 Qxd3 27. Nxd3
Nb7 28. Bd2 1/2-1/2

[Event "I Festival Mediterraneo A"]
[Site "Rossano ITA"]
[Date "1997.04.??"]
[Round "6"]
[White "Grande, Pasquale"]
[Black "Galietto, Alberto"]
[Result "1-0"]
[WhiteElo "2075"]
[BlackElo "1663"]
[PlyCount "55"]
[EventDate "1997.04.25"]

1. d4 Nf6 2. Nf3 e6 3. e3 b6 4. Be2 Bb7 5. O-O Be7 6. b3 O-O 7. Bb2 d6 8. c4
Nbd7 9. Nc3 e5 10. Qc2 Re8 11. Rad1 exd4 12. exd4 d5 13. Ne5 c5 14. Nxd7 Qxd7
15. dxc5 Bxc5 16. cxd5 a6 17. Bf3 Rac8 18. Qd3 Bd6 19. Rfe1 b5 20. Ne4 Nxd5 21.
Ng5 Rxe1+ 22. Rxe1 Nf6 23. g3 Be5 24. Qxd7 Nxd7 25. Bxb7 Rb8 26. Bxe5 Nxe5 27.
Rxe5 f6 28. Bd5+ 1-0

[Event "I Festival Mediterraneo A"]
[Site "Rossano ITA"]
[Date "1997.04.??"]
[Round "6"]
[White "Martorelli, Antonio"]
[Black "Manca, Federico"]
[Result "1-0"]
[WhiteElo "2365"]
[BlackElo "2350"]
[PlyCount "67"]
[EventDate "1997.04.25"]

1. d4 Nf6 2. c4 c5 3. d5 b5 4. Nf3 g6 5. cxb5 Bg7 6. Nc3 d6 7. e4 Nbd7 8. h3
O-O 9. a4 a6 10. Bd2 axb5 11. axb5 Rxa1 12. Qxa1 Nb6 13. Be2 e6 14. dxe6 Bxe6
15. O-O Nc4 16. Bxc4 Bxc4 17. Re1 d5 18. Ne5 Bb3 19. Nc6 Qd7 20. exd5 Nxd5 21.
Qa3 Nxc3 22. Bxc3 Bxc3 23. bxc3 Qd2 24. Ra1 Qxc3 25. Rc1 Qd2 26. Qxc5 Re8 27.
b6 Bd5 28. b7 Bxc6 29. Qxc6 Re1+ 30. Rxe1 Qxe1+ 31. Kh2 Qe5+ 32. g3 Kg7 33. Qb6
Qb8 34. Qa6 1-0

[Event "I Festival Mediterraneo A"]
[Site "Rossano ITA"]
[Date "1997.04.??"]
[Round "6"]
[White "Ortega, Lexy"]
[Black "Djuric, Stefan"]
[Result "1/2-1/2"]
[WhiteElo "2460"]
[BlackElo "2535"]
[PlyCount "71"]
[EventDate "1997.04.25"]

1. d4 Nf6 2. Nf3 d5 3. c4 dxc4 4. e3 e6 5. Bxc4 c5 6. O-O Nc6 7. Qe2 cxd4 8.
Rd1 Bd6 9. exd4 O-O 10. Nc3 h6 11. Bd3 Nb4 12. Bb1 b6 13. Ne5 Bb7 14. Ng4 Nxg4
15. Qxg4 f5 16. Qh5 Qf6 17. a3 Nd5 18. Ba2 Nxc3 19. bxc3 Kh7 20. Re1 e5 21. f4
e4 22. a4 Rac8 23. Bd2 Rfe8 24. Rac1 Re7 25. Bb3 g6 26. Qh3 Ba6 27. Bc2 Qf7 28.
Ra1 Bb7 29. Qe3 Bd5 30. Qh3 Rcc7 31. g4 Re6 32. gxf5 gxf5 33. Kf2 Rce7 34. Be3
Rc7 35. Bd2 Rce7 36. Be3 1/2-1/2

[Event "I Open A"]
[Site "Taormina ITA"]
[Date "1997.04.??"]
[Round "?"]
[White "Alaimo, Riccardo"]
[Black "Passerotti, Pierluigi"]
[Result "1-0"]
[WhiteElo "2059"]
[BlackElo "2300"]
[PlyCount "52"]
[EventDate "1997.04.25"]

1. e4 c5 2. Nc3 g6 3. f4 Bg7 4. Nf3 Nc6 5. Bc4 e6 6. d3 d6 7. O-O Nge7 8. Qe1
Nd4 9. Nxd4 cxd4 10. Nb1 O-O 11. Nd2 Bd7 12. Nf3 b5 13. Bb3 a5 14. a4 Qc7 15.
axb5 Bxb5 16. f5 gxf5 17. Qh4 Ng6 18. Qh5 f4 19. Qxb5 Rfb8 20. Qa4 Ra7 21. Qc4
Qd8 22. Ra2 Rc8 23. Qa4 Nh4 24. Nxh4 Qxh4 25. Qb5 Bh6 26. Rxa5 Rac7 1-0

[Event "I Open A"]
[Site "Taormina ITA"]
[Date "1997.04.??"]
[Round "?"]
[White "Ciampi, Vincenzo"]
[Black "Isonzo, David"]
[Result "0-1"]
[WhiteElo "2165"]
[BlackElo "2180"]
[PlyCount "116"]
[EventDate "1997.04.25"]

1. d4 Nf6 2. Nf3 g6 3. c4 Bg7 4. Nc3 d6 5. e4 O-O 6. Be2 Bg4 7. h3 Bxf3 8. Bxf3
Nc6 9. d5 Na5 10. Be2 Nd7 11. Qc2 c5 12. a3 b6 13. O-O a6 14. Rb1 Rb8 15. b4
cxb4 16. axb4 Nb7 17. Be3 a5 18. bxa5 Nxa5 19. Nb5 Nc5 20. f4 Qd7 21. Nd4 Qa4
22. Qxa4 Nxa4 23. Rb4 Nc5 24. Rfb1 Nxe4 25. Rxb6 Rxb6 26. Rxb6 Nc3 27. Bd3 Nd1
28. Nc6 Nxe3 29. Nxa5 Bd4 30. Rb5 Nxd5+ 31. Kf1 Nxf4 32. Be4 Nh5 33. Bf3 Ng3+
34. Ke1 Bc3+ 35. Kf2 Bxa5 36. Rxa5 Nf5 37. c5 dxc5 38. Rxc5 Rb8 39. Be4 Rb2+
40. Kf3 Rb3+ 41. Kf2 Nd6 42. Bf3 Kg7 43. Rc6 Kf6 44. Ke2 h5 45. Ra6 Ke5 46.
Ra5+ Rb5 47. Ra7 e6 48. Ra4 Nf5 49. Re4+ Kf6 50. Kd2 h4 51. Kc3 Rc5+ 52. Kd3
Re5 53. Ra4 Re3+ 54. Kd2 Rb3 55. Kc2 Rb6 56. Kc3 e5 57. Bd5 Rd6 58. Bf3 58...
Nd4 {...} 0-1

[Event "I Open A"]
[Site "Taormina ITA"]
[Date "1997.04.??"]
[Round "?"]
[White "Isonzo, David"]
[Black "Vujovic, Milorad"]
[Result "1-0"]
[WhiteElo "2180"]
[BlackElo "2255"]
[PlyCount "69"]
[EventDate "1997.04.25"]

1. d4 Nf6 2. Bg5 Ne4 3. Bf4 d5 4. Nd2 Nd6 5. e3 g6 6. Ngf3 Bg7 7. c3 O-O 8. Be2
f6 9. Qb3 Nf7 10. Bg3 e5 11. dxe5 fxe5 12. e4 c6 13. Rd1 a5 14. a4 Na6 15. exd5
cxd5 16. Ne4 Nc7 17. Bh4 Qe8 18. Nf6+ Bxf6 19. Bxf6 Qe6 20. Bh4 Re8 21. O-O b6
22. Rfe1 Bd7 23. Bg3 Qc6 24. h3 Qxa4 25. Qxb6 Qc6 26. Qxc6 Bxc6 27. Bf1 a4 28.
Nxe5 Nxe5 29. Rxe5 a3 30. bxa3 Rxa3 31. c4 dxc4 32. Bxc4+ Kf8 33. Rc5 Rxg3 34.
fxg3 Ba4 35. Ra1 1-0

[Event "I Open A"]
[Site "Taormina ITA"]
[Date "1997.04.??"]
[Round "?"]
[White "Passerotti, Pierluigi"]
[Black "Arito, Luigi"]
[Result "1-0"]
[WhiteElo "2300"]
[BlackElo "1741"]
[PlyCount "49"]
[EventDate "1997.04.25"]

1. d4 Nf6 2. Nf3 d5 3. c4 e6 4. Nc3 Be7 5. Bf4 O-O 6. e3 Nbd7 7. Qc2 Re8 8.
O-O-O a6 9. cxd5 exd5 10. g4 Nb6 11. g5 Nh5 12. Ne5 Nxf4 13. exf4 f6 14. gxf6
Bxf6 15. Bd3 h6 16. Bh7+ Kf8 17. Rhg1 Bxe5 18. fxe5 Be6 19. Rxg7 Kxg7 20. Qg6+
Kf8 21. Rg1 Re7 22. f4 Rxh7 23. Qxh7 Qh4 24. Ne2 Qh5 25. Rg7 1-0

[Event "I Open A"]
[Site "Taormina ITA"]
[Date "1997.04.??"]
[Round "?"]
[White "Passerotti, Pierluigi"]
[Black "Vujovic, Milorad"]
[Result "1-0"]
[WhiteElo "2300"]
[BlackElo "2255"]
[PlyCount "81"]
[EventDate "1997.04.25"]

1. d4 g6 2. e4 Bg7 3. Nf3 d6 4. Be2 Bg4 5. O-O Nc6 6. d5 Bxf3 7. Bxf3 Ne5 8.
Be2 Nf6 9. f4 Ned7 10. Bf3 O-O 11. c4 c6 12. Nc3 cxd5 13. cxd5 b5 14. Be3 a6
15. Bd4 Rc8 16. b3 Qa5 17. Rc1 b4 18. Na4 Nc5 19. Bxc5 dxc5 20. e5 Nd7 21. Bg4
Rfd8 22. Rf2 f5 23. Be2 Kh8 24. Bc4 Nf8 25. Qe2 Rc7 26. Rd1 Rcd7 27. Rd3 Qc7
28. Qe3 g5 29. g3 gxf4 30. gxf4 e6 31. d6 Qc6 32. Nxc5 Bh6 33. Nxd7 Rxd7 34.
Qh3 Bg7 35. Rg3 Qb6 36. Qg2 a5 37. Kh1 Ra7 38. Rf1 Qd8 39. Rg1 Qd7 40. Bb5 Qf7
41. d7 1-0

[Event "I Open A"]
[Site "Taormina ITA"]
[Date "1997.04.25"]
[Round "1"]
[White "Alaimo, Riccardo"]
[Black "Parisi, Cosimo"]
[Result "1-0"]
[WhiteElo "2059"]
[BlackElo "1750"]
[PlyCount "41"]
[EventDate "1997.04.25"]

1. e4 e5 2. Nf3 d5 3. exd5 Bd6 4. Bb5+ c6 5. dxc6 bxc6 6. Ba4 Nf6 7. d3 Qa5+ 8.
c3 Ba6 9. O-O O-O 10. Re1 Qc7 11. Bg5 Nbd7 12. Bc2 e4 13. dxe4 Ng4 14. g3 Qb6
15. Nd4 Qxb2 16. Qxg4 Ne5 17. Qh5 Qxa1 18. Nf5 Bc5 19. Bf6 Bxf2+ 20. Kg2 Bxe1
21. Qh6 1-0

[Event "I Open"]
[Site "Teramo ITA"]
[Date "1997.04.??"]
[Round "?"]
[White "Costantini, Roberto"]
[Black "Sbraccia, Giovanni"]
[Result "1-0"]
[WhiteElo "1813"]
[BlackElo "1849"]
[PlyCount "65"]
[EventDate "1997.04.24"]

1. e4 c6 2. d4 d5 3. Nd2 dxe4 4. Nxe4 Bf5 5. Ng3 Bg6 6. N1e2 e6 7. Nf4 Nf6 8.
Nxg6 hxg6 9. Be2 Bd6 10. Bg5 Qc7 11. Bxf6 gxf6 12. Ne4 Be7 13. g3 f5 14. Nd2
Nd7 15. Nf3 O-O-O 16. Qd2 Rh5 17. O-O-O Nc5 18. Qe3 Ne4 19. Nd2 Nxd2 20. Bxh5
Nc4 21. Qc3 Nxb2 22. Qxb2 gxh5 23. Kb1 Rd5 24. Rd3 Qd7 25. Rhd1 Bf6 26. c4 Rd6
27. Qd2 b5 28. c5 Rd5 29. Qh6 Bxd4 30. Rxd4 Rxd4 31. Qh8+ Qd8 32. Qxd4 Qe7 33.
Qd6 1-0

[Event "I Open"]
[Site "Teramo ITA"]
[Date "1997.04.??"]
[Round "?"]
[White "Tan, Chengxuan"]
[Black "Drei, Andrea"]
[Result "0-1"]
[WhiteElo "2415"]
[BlackElo "2305"]
[PlyCount "82"]
[EventDate "1997.04.24"]

1. e4 c5 2. c3 e6 3. d4 d5 4. e5 Nc6 5. Nf3 Qb6 6. a3 c4 7. g3 Bd7 8. Nbd2 Na5
9. Bh3 Ne7 10. O-O Ng6 11. Ne1 h5 12. f4 h4 13. g4 Be7 14. Kh1 Nf8 15. Ng2 Nb3
16. Nxb3 cxb3 17. Rf2 O-O-O 18. Be3 Kb8 19. a4 a5 20. Ne1 Rc8 21. Nd3 Rc4 22.
Nc5 Bxc5 23. dxc5 Qc6 24. Qxb3 d4+ 25. Rg2 Rxa4 26. Rxa4 dxe3 27. Ra1 Ng6 28.
c4 Qf3 29. Re1 Bc6 30. Qxe3 Qxe3 31. Rxe3 Rd8 32. Kg1 Rd1+ 33. Kf2 Nxf4 34. Rg1
Rd2+ 35. Ke1 Rxh2 36. Bf1 Rxb2 37. g5 Ng2+ 38. Bxg2 Bxg2 39. Rd3 h3 40. Rd8+
Kc7 41. Rh8 a4 0-1

[Event "Open A"]
[Site "Rimini ITA"]
[Date "1997.03.??"]
[Round "?"]
[White "Iotti, Pierluigi"]
[Black "Rossi, Carlo"]
[Result "1-0"]
[WhiteElo "2290"]
[BlackElo "2320"]
[PlyCount "123"]
[EventDate "1997.03.24"]

1. d4 Nc6 2. Nf3 d6 3. Bg5 h6 4. Bh4 g5 5. Bg3 Bg7 6. e3 f5 7. h4 g4 8. Ng1 e5
9. dxe5 dxe5 10. Qxd8+ Nxd8 11. Bc4 f4 12. Bh2 Ne7 13. exf4 exf4 14. Nc3 Be5
15. Nge2 Be6 16. Bd3 O-O 17. O-O-O Ndc6 18. Rhe1 Kg7 19. Be4 Rad8 20. Bxc6
Rxd1+ 21. Nxd1 Nxc6 22. Nxf4 Bxf4+ 23. Bxf4 Bxa2 24. Bxc7 Bd5 25. Ne3 Be6 26.
Bg3 Rc8 27. Rd1 Kf7 28. h5 a5 29. Bf4 a4 30. Rd3 Ra8 31. Nd5 Ra5 32. Nc7 Nb4
33. Rd4 Nc6 34. Rd6 Bf5 35. Rd5 Rxd5 36. Nxd5 Nd4 37. Ne3 Bxc2 38. Bxh6 Be4 39.
Kd2 b5 40. Kc3 Nc6 41. Bf4 Kg7 42. Nxg4 Bxg2 43. h6+ Kg6 44. Kd3 Bf1+ 45. Ke4
Bg2+ 46. f3 b4 47. Bd6 a3 48. bxa3 b3 49. Be5 Na5 50. Ne3 Bh1 51. Bg7 Kh7 52.
Kf4 Kg6 53. Kg4 Kh7 54. f4 Be4 55. Kg5 Bd3 56. f5 Nc4 57. Nd5 Kg8 58. Kg6 Bxf5+
59. Kxf5 b2 60. Nc3 Kh7 61. Nb1 Nb6 62. Ke4 1-0

[Event "Open A"]
[Site "Rimini ITA"]
[Date "1997.03.??"]
[Round "?"]
[White "Satta, Vladimiro"]
[Black "Farina, Saverio"]
[Result "1-0"]
[WhiteElo "2245"]
[BlackElo "2170"]
[PlyCount "105"]
[EventDate "1997.03.24"]

1. e4 e6 2. d4 d5 3. Nd2 c5 4. exd5 exd5 5. Ngf3 Nc6 6. Bb5 Nf6 7. O-O Be7 8.
dxc5 O-O 9. Nb3 Ne4 10. Be3 Bg4 11. Be2 Rc8 12. Rc1 Bf6 13. c3 Qd7 14. Re1 Rfd8
15. Nfd4 Bxe2 16. Nxe2 Be5 17. f3 Nf6 18. Qd3 Ne7 19. Ned4 Nh5 20. Qd2 Ng6 21.
Ne2 Qc7 22. g3 Qd7 23. Kg2 Bb8 24. Ned4 Qc7 25. Nf5 Qd7 26. Qc2 Rc6 27. Rcd1
Rf6 28. Bg5 Rxf5 29. Bxd8 Nhf4+ 30. gxf4 Qxd8 31. Kh1 Rxf4 32. Qe2 Ne5 33. Nd4
Qh4 34. Rf1 g6 35. Qg2 Nc4 36. Rde1 Kf8 37. Re2 Qh5 38. Rfe1 Ne5 39. Re3 Kg7
40. R1e2 Rh4 41. Qg3 Nc6 42. Nf5+ Qxf5 43. Qxh4 Ne5 44. Qd4 f6 45. Qxd5 Qh3 46.
Qxb7+ Kh6 47. Kg1 Qf5 48. Qxb8 Nxf3+ 49. Rxf3 Qxf3 50. Qf8+ Kh5 51. Qe7 Qg4+
52. Kf1 Qf4+ 53. Rf2 1-0

[Event "Open B"]
[Site "Rimini ITA"]
[Date "1997.03.??"]
[Round "1"]
[White "Celestini, Mauro"]
[Black "Morelli, Umberto"]
[Result "0-1"]
[WhiteElo "1600"]
[BlackElo "1540"]
[PlyCount "82"]
[EventDate "1997.03.24"]

1. d4 e6 2. c4 c5 3. Nf3 cxd4 4. Nxd4 Nf6 5. Nc3 Nc6 6. e3 a6 7. Bd3 g6 8. O-O
Bg7 9. Rb1 Qe7 10. a3 e5 11. Nxc6 dxc6 12. e4 O-O 13. b4 b5 14. c5 Rd8 15. Bg5
Ra7 16. Qc2 h6 17. Bxf6 Qxf6 18. Be2 Rad7 19. Rbd1 Rd4 20. Rfe1 Qg5 21. Bf1 Qf4
22. Ne2 Rxd1 23. Rxd1 Qf6 24. Nc3 h5 25. Rd3 Be6 26. Qd1 Rd4 27. Ne2 Rxd3 28.
Qxd3 Qe7 29. Nc3 Bh6 30. a4 Qd7 31. Qxd7 Bxd7 32. axb5 axb5 33. Nb1 Be6 34. f3
Be3+ 35. Kh1 Bd4 36. Bd3 Kf8 37. g3 Ke7 38. f4 exf4 39. gxf4 Be3 40. f5 gxf5
41. exf5 Bd5+ 0-1

[Event "Open B"]
[Site "Rimini ITA"]
[Date "1997.03.??"]
[Round "2"]
[White "Carnio, Fortunato"]
[Black "Celestini, Mauro"]
[Result "0-1"]
[WhiteElo "1584"]
[BlackElo "1600"]
[PlyCount "82"]
[EventDate "1997.03.24"]

1. e4 e6 2. d4 d5 3. Nc3 Bb4 4. e5 c5 5. a3 Bxc3+ 6. bxc3 Ne7 7. Nf3 Nbc6 8.
dxc5 Qa5 9. Bd2 Qxc5 10. Bd3 Na5 11. O-O Nc4 12. Bc1 Ng6 13. Re1 O-O 14. a4 Bd7
15. h4 Qc7 16. h5 Ngxe5 17. Bxh7+ Kxh7 18. Ng5+ Kg8 19. Bf4 f6 20. Nh3 Qa5 21.
h6 g6 22. Bh2 Qxc3 23. f4 Ne3 24. Qe2 Nxc2 25. Rac1 Qd4+ 26. Kh1 Nxe1 27. fxe5
Nxg2 28. Rc7 Rf7 29. exf6 Qxf6 30. Kxg2 Bc6 31. Rxf7 Qxf7 32. Ng5 d4+ 33. Kg1
Qf5 34. h7+ Kg7 35. Nxe6+ Kxh7 36. Qe1 Qg4+ 37. Bg3 Re8 38. Nf8+ Kg8 39. Qf2
Qd1+ 40. Qf1 Qxf1+ 41. Kxf1 Rxf8+ 0-1

[Event "Open B"]
[Site "Rimini ITA"]
[Date "1997.03.??"]
[Round "4"]
[White "Bongiovanni, Marco"]
[Black "Celestini, Mauro"]
[Result "1/2-1/2"]
[WhiteElo "1624"]
[BlackElo "1600"]
[PlyCount "41"]
[EventDate "1997.03.24"]

1. e4 e6 2. d4 d5 3. Nc3 Bb4 4. e5 c5 5. a3 Bxc3+ 6. bxc3 Ne7 7. Qg4 O-O 8. Bd3
f5 9. exf6 Rxf6 10. Bg5 Rf7 11. Qh4 g6 12. Nf3 Nbc6 13. O-O c4 14. Be2 Qd6 15.
Qg3 Qxg3 16. fxg3 Kg7 17. Bf4 Nf5 18. Ne5 Nxe5 19. Bxe5+ Kg8 20. Rf3 Bd7 21.
Raf1 1/2-1/2